Poesía y realidad, principalidad de Bilbao y Vizcaya en la economía español (Record no. 39337)

MARC details
000 -LEADER
campo de control de longitud fija 00807nam a2200217 i 4500
001 - NÚMERO DE CONTROL
campo de control 39337
003 - IDENTIFICADOR DE NÚMERO DE CONTROL
campo de control ES-MaACL
005 - FECHA Y HORA DE LA ÚLTIMA TRANSACCIÓN
campo de control 20250814082756.0
007 - CAMPO FIJO DE DESCRIPCIÓN FÍSICA--INFORMACIÓN GENERAL
campo de control de longitud fija t|
008 - DATOS DE LONGITUD FIJA--INFORMACIÓN GENERAL
campo de control de longitud fija 030227s1967 sp |||| | spa d
100 1# - ENTRADA PRINCIPAL--NOMBRE DE PERSONA
Nombre de persona Calle Iturrino, Esteban.
9 (RLIN) 33706
245 10 - MENCIÓN DEL TÍTULO
Título Poesía y realidad, principalidad de Bilbao y Vizcaya en la economía español
Resto del título : discurso... de los Juegos Florales de Bilbao, celebrados el 23 de abril de 1967, en el Teatro Arriaga /
Mención de responsabilidad, etc. Esteban Calle Iturrino.
260 ## - PUBLICACIÓN, DISTRIBUCIÓN, ETC.
Lugar de publicación, distribución, etc. Bilbao :
Nombre del editor, distribuidor, etc. Editorial Vizcaína,
Fecha de publicación, distribución, etc. 1967.
300 ## - DESCRIPCIÓN FÍSICA
Extensión 49 p. ;
Dimensiones 21 cm.
650 #7 - PUNTO DE ACCESO ADICIONAL DE MATERIA--TÉRMINO DE MATERIA
Término de materia o nombre geográfico como elemento de entrada Juegos florales
Fuente del encabezamiento o término embne
9 (RLIN) 135475
651 #4 - PUNTO DE ACCESO ADICIONAL DE MATERIA--NOMBRE GEOGRÁFICO
Nombre geográfico Vizcaya-
Subdivisión general Situación económica.
9 (RLIN) 164526
852 ## - LOCALIZACIÓN
Ubicación ES-MaACL
Número de control de estantería 2060-F-3
852 ## - LOCALIZACIÓN
Ubicación ES-MaACL
Número de control de estantería 2060-F-4
852 ## - LOCALIZACIÓN
Ubicación ES-MaACL
Número de control de estantería 2060-F-5
Holdings
Estatus retirado Estado de pérdida Estado de daño No para préstamo Colección Biblioteca de origen Biblioteca actual Ubicación en estantería Fecha de adquisición Fuente de adquisición Total de préstamos Signatura topográfica completa Código de barras Visto por última vez Precio de reemplazo Tipo de ítem Koha
        Colección de folletos Biblioteca del Ateneo de Madrid Biblioteca del Ateneo de Madrid Depósito folletos 17/01/2008     2060-F-5 1041427 23/02/2023 23/02/2023 Folleto
        Colección de folletos Biblioteca del Ateneo de Madrid Biblioteca del Ateneo de Madrid Depósito folletos 17/01/2008     2060-F-3 1041425 23/02/2023 23/02/2023 Folleto
        Colección de folletos Biblioteca del Ateneo de Madrid Biblioteca del Ateneo de Madrid Depósito folletos 17/01/2008     2060-F-4 1041426 23/02/2023 23/02/2023 Folleto